书目信息 |
| 题名: |
厨房里的科学
|
|
| 作者: | 徐青山 著 | |
| 分册: | ||
| 出版信息: | 南京 江苏人民出版社 1980.5 |
|
| 页数: | 108页 | |
| 开本: | 20cm | |
| 丛书名: | ||
| 单 册: | ||
| 中图分类: | N51 | |
| 科图分类: | ||
| 主题词: | 自然科学--丛书 , 自然科学--多卷书 | |
| 电子资源: | ||
| ISBN: | ||
| 000 | 00540nam0 2200205 45 | |
| 001 | 0312221749 | |
| 005 | 20060802152421.64 | |
| 010 | @dCNY0.25 | |
| 091 | @a13100.047 | |
| 100 | @a20031222d1980 km y0chiy0120 ea | |
| 101 | @achi | |
| 200 | 1 | @a厨房里的科学@AChu Fang Li De Ke Xue@f徐青山著@FXu Qing Shan Zhu |
| 210 | @a南京@c江苏人民出版社@d1980.5 | |
| 215 | @a108页@d20cm | |
| 606 | 0 | @a自然科学@x丛书 |
| 606 | 0 | @a自然科学@x多卷书 |
| 690 | @aN51@v3 | |
| 701 | 0 | @a徐青山@4著 |
| 801 | @aCN@bTSTCL@c20060802 | |
| 905 | @dN51@e107@f1@b82650 | |
| 厨房里的科学/徐青山著.-南京:江苏人民出版社,1980.5 |
| 108页;20cm |
| ISBN :CNY0.25 |
| ● |
| 相关链接 |
|
|
|
|
正题名:厨房里的科学
索取号:N51/107
 
预约/预借
| 序号 | 登录号 | 条形码 | 馆藏地/架位号 | 状态 | 备注 |
| 1 | 0082648 | 001201844 | 第三借阅区/ [索取号:N51/107] | 在馆 | |
| 2 | 0082649 | 001201862 | 第三借阅区/ [索取号:N51/107] | 在馆 | |
| 3 | 0082650 | 001935990 | 第三借阅区/ [索取号:N51/107] | 在馆 | |
| 4 | 0082651 | 001201880 | 第三借阅区/ [索取号:N51/107] | 在馆 | |
| 5 | 0082652 | 001201871 | 第二样本阅览室/ [索取号:N51/107] | 在馆 | |
| 6 | 0092648 | 001201844 | 第三借阅区/ [索取号:N51/107] | 在馆 | |
| 7 | 0092649 | 001201862 | 第三借阅区/ [索取号:N51/107] | 在馆 | |
| 8 | 0439511 | 204395118 | 密集书库/ [索取号:N51/107] | 在馆 | |
| 9 | 0439512 | 204395127 | 密集书库/ [索取号:N51/107] | 在馆 | |
| 10 | 0439513 | 204395136 | 密集书库/ [索取号:N51/107] | 在馆 |